Missing Word: Top Grossing Movies (1996) Quiz Stats

 Plays Quiz Updated Jan 16, 2015

Challenge
Share
Tweet
Embed
Score 0/20 Timer 02:00
3 Plays Today
Movie Missing Word % Correct
_______: ImpossibleMission
98.8%
___ Dalmatians101
98%
_____ + JulietRomeo
97%
The _________ of Notre DameHunchback
96.1%
The _____ ProfessorNutty
93.5%
____________ DayIndependence
85.7%
Up _____ and PersonalClose
85.7%
The English _______Patient
79.8%
____ Attacks!Mars
77.2%
Jerry _______Maguire
74.7%
Movie Missing Word % Correct
A ____ to KillTime
64.2%
Space ___Jam
56.1%
The _____ Wives ClubFirst
53.3%
Primal ____Fear
51.1%
Broken _____Arrow
45.7%
______ All the WayJingle
44.8%
Executive ________Decision
43.1%
The _____ GuyCable
42.3%
_______ Under FireCourage
39.7%
Star Trek: First _______Contact
38%

Today's Daily Dose

You're not logged in!

Compare scores with friends on all Sporcle quizzes.
Join for Free
OR
Log In

You Might Also Like...

Show Comments

Extras

Top Quizzes Today


Score Distribution

Your Account Isn't Verified!

In order to create a playlist on Sporcle, you need to verify the email address you used during registration. Go to your Sporcle Settings to finish the process.

Report this User

Report this user for behavior that violates our Community Guidelines.

Details: